| 000 | 00358cam a2200145ua 4500 | ||
|---|---|---|---|
| 003 | OSt | ||
| 008 | 250101b |||||||| |||| 00| 0 eng d | ||
| 041 | _aeng | ||
| 082 |
_a621.3692 _bAGA/FI |
||
| 100 |
_aAgarwal, D C . _96685 |
||
| 245 | _aFibre optic communication / | ||
| 260 |
_aNew Delhi : _bS.Chand and Co , _c2004. |
||
| 300 | _a428 ; . | ||
| 942 | _cBK | ||
| 999 |
_c13351 _d13351 |
||